[Event "Rhein Main op 08th"]
[Site "Bad Homburg"]
[Date "2005.05.28"]
[Round "6"]
[White "Arnold, Michael"]
[Black "Schlueter, Ulrich"]
[Result "1/2-1/2"]
[WhiteElo "1674"]
[BlackElo "1521"]
[PlyCount "39"]
[EventDate "2005.05.25"]
[EventType "swiss"]
[EventRounds "7"]
[EventCountry "GER"]
[SourceTitle "EXT 2006"]
[Source "ChessBase"]
[SourceDate "2005.11.24"]
[SourceVersion "1"]
[SourceVersionDate "2005.11.24"]
[SourceQuality "1"]

1. e4 d6 2. Bc4 Nf6 3. Nc3 g6 4. f4 Bg7 5. Nf3 0-0 6. 0-0 Nbd7 7. d3 a6 8. Qe2 c6 9. Bb3 Nc5 10. Bd2 Nxb3 11. axb3 Nd7 12. Nd1 b5 13. Bc3 e5 14. fxe5 dxe5 15. Ne3 Qb6 16. Kh1 Bb7 17. Ng4 Rfe8 18. Bd2 Qc5 19. Bh6 Qf8 20. Bxg7 1/2-1/2

[Event "Unterfranken-ch H1 46th"]
[Site "Karlburg"]
[Date "1995.??.??"]
[Round "?"]
[White "Riesterer, Michael"]
[Black "Schlueter, Ulrich"]
[Result "1-0"]
[WhiteElo "1673"]
[BlackElo "1538"]
[PlyCount "65"]
[EventDate "1995.04.17"]
[EventType "swiss"]
[EventRounds "9"]
[EventCountry "GER"]
[SourceTitle "EXT 2015"]
[Source "ChessBase"]
[SourceDate "2014.11.20"]
[SourceVersion "1"]
[SourceVersionDate "2014.11.20"]
[SourceQuality "1"]

1. d4 g6 2. c4 Bg7 3. Nc3 Nf6 4. e4 d6 5. Nf3 0-0 6. Be2 Nbd7 7. 0-0 e5 8. d5 Nc5 9. Nd2 a5 10. b3 Bd7 11. Bb2 Qe8 12. a3 Rb8 13. b4 axb4 14. axb4 Na6 15. b5 Nc5 16. Qc2 c6 17. bxc6 bxc6 18. Ba3 Nb7 19. Rfb1 c5 20. Nb5 Qe7 21. Bc1 Ra8 22. Nc3 Rxa1 23. Rxa1 Rb8 24. Rb1 Qd8 25. Qa2 Qc8 26. Qa7 Be8 27. Nf1 Bf8 28. Bg5 Nd7 29. Bg4 Qc7 30. Nb5 Qa5 31. Bxd7 Qxa7 32. Nxa7 Bxd7 33. Nc6 1-0

[Event "Unterfranken-ch H1 46th"]
[Site "Karlburg"]
[Date "1995.??.??"]
[Round "?"]
[White "Schlueter, Ulrich"]
[Black "Biskopp, Wolf Ulrich"]
[Result "1/2-1/2"]
[WhiteElo "1538"]
[BlackElo "1599"]
[PlyCount "61"]
[EventDate "1995.04.17"]
[EventType "swiss"]
[EventRounds "9"]
[EventCountry "GER"]
[SourceTitle "EXT 2015"]
[Source "ChessBase"]
[SourceDate "2014.11.20"]
[SourceVersion "1"]
[SourceVersionDate "2014.11.20"]
[SourceQuality "1"]

1. Nf3 d6 2. c4 g6 3. g3 Bg7 4. Bg2 Nf6 5. 0-0 0-0 6. d4 Nbd7 7. Nc3 c5 8. d5 Ne8 9. Bd2 f5 10. Qc1 Bf6 11. Re1 Ne5 12. Nxe5 Bxe5 13. Bf4 Bg7 14. Bh6 Nf6 15. Bxg7 Kxg7 16. e4 e6 17. exf5 exf5 18. Nb5 a6 19. Na3 Re8 20. Qc3 Bd7 21. b4 b6 22. Nc2 Rc8 23. Rab1 Kf7 24. a3 Qc7 25. Ne3 b5 26. Rbc1 cxb4 27. Qxb4 bxc4 28. Nxc4 Rxe1+ 29. Qxe1 Bb5 30. Qe6+ Kg7 31. Bf1 1/2-1/2